| 000 | 02091nam a2200421 i 4500 | ||
|---|---|---|---|
| 001 | 196808 | ||
| 003 | ES-MaACL | ||
| 005 | 20260618142626.0 | ||
| 008 | 241212s1670 fr spa | ||
| 035 | _a(OCoLC)433111016 | ||
| 035 | _a(SpMaBN)bima0000006155 | ||
| 035 | _a991002637699708606 | ||
| 040 | _cES-MaACL | ||
| 080 | _a94(510)"1643/44" | ||
| 100 | 1 |
_aPalafox y Mendoza, Juan de, _d1600-1659 _9239354 _eaut |
|
| 245 | 1 | 0 |
_aHistoria de la conquista de la China por el tartaro / _cescrita por ... Juan de Palafox y Mendoça, siendo obispo de la Puebla de los Angeles, y virrey de la Nueva-España y a su muerte obispo de Osma. |
| 260 |
_aEn Paris : _bacosta de Antonio Bertier, librero de la Reyna, vive en la calle de Santiago, a la infinia de la Fortuna, _c1670 |
||
| 300 |
_a[10], [2] en blanco, 388 páginas, [1] hoja de lámina ; _c8º |
||
| 336 |
_aTexto (visual) _2rdacontent |
||
| 337 |
_asin mediación _2rdamedia |
||
| 338 |
_2rdacarrier _avolumen |
||
| 500 | _aContiene un grabado calcográfico a buril y aguafuerte, con una escena bélica y un mapa en la parte inferior | ||
| 510 |
_aCCPB, _c000040920-0 |
||
| 530 | _aDisponible en formato digital | ||
| 597 | _aSignaturas: ã⁶, A-Z⁸, Aa⁸, Bb² | ||
| 599 | _aLa hoja de lámina es un grabado calcográfico representando escena de dicha conquista y mapa | ||
| 651 | 7 |
_aChina- _xHistoria- _y1643-1644 (Conquista manchú) _2embne _9239350 |
|
| 700 | 1 |
_aBertier, Antoine _eedt _9239351 |
|
| 752 |
_aFrancia _dParis |
||
| 852 |
_aES-MaACL _cDEPO _hDonación: Eric Clifford Graf _xPergamino _9204467 _dOlim: Z-400 _jR-3488 |
||
| 856 | 4 |
_uhttps://repositorio.bde.es/handle/123456789/4516 _yVersión en línea _z(Repositorio Institucional del Banco de España) |
|
| 856 | 4 |
_uhttps://bibliotecadigital.rah.es/es/consulta/registro.do?id=44658 _yVersión en línea _z(Biblioteca Digital Real Academia de la Historia) |
|
| 903 |
_9239355 _aGraf, Eric Clifford, _d1967- _ednr |
||
| 942 |
_n0 _cMONANT |
||
| 999 |
_c196808 _d196808 |
||